000 01215nam a2200313 a 4500
001 000111199
003 CHAP
005 20220329144202.0
008 150119s2014 mx sm |||||||spa d
010 _a107661
011 _a108633
040 _cCHAP
090 _aTesis
100 1 _aMorgado Sánchez, Erika Patricia
_9129022
245 1 0 _aControl químico del trips occidental de las flores (Frankliniella occidentalis Pergante) en el cultivo del rosal en Villa Guerrero, Estado de México
_h[En línea]
_cpor Erika Patricia Morgado Sánchez.
260 _aChapingo, Méx. :
_bEl autor,
_c2014.
500 _aPara ver el contenido del material haga clic en la liga
502 _aTesis (Ing. Agr. Esp. en Parasitología Agrícola) -- UACH. Departamento de Parasitología Agrícola
590 _aE11695DGD
_b10
_c20150120
_lUCH01
_h1110
590 _aE5765TAJ
_b05
_c20150119
_lUCH01
_h0926
590 _aE5765TAJ
_b05
_c20150119
_lUCH01
_h0926
650 1 4 _aInsecticidas
_xEfecto en plagas.
_958870
650 1 4 _aRosas
_xFloración.
_999972
650 1 4 _aRosas
_xPlagas.
_999982
856 _aFinding aid
_uhttp://10.13.5.2/tesis/sist111199.pdf
_zTeclea aquí
901 _aBK
942 _cTESIS
942 _n0
999 _c107661
_d107661